Los desterrados /

Guardado en:
Autor Principal: Quiroga, Horacio
Formato: Libro
Publicado: Buenos Aires : Kapelusz, 1987
Series:Grandes obras de la literatura
Materias:
Etiquetas: Agregar Etiqueta
Sin Etiquetas, Sea el primero en etiquetar este registro!
LEADER 00798nam a22002295a 4500
001 CEM.cems005253
005 20100915111005.0
008 130507s1987##################000#0#####d
003 CEMS
020 |a 9501323048 
082 0 4 |a A868.4 
100 1 |a Quiroga, Horacio 
245 1 0 |a Los desterrados /  |c Horacio Quiroga 
260 |a Buenos Aires :  |b Kapelusz,  |c 1987 
300 |a 149 p. 
490 0 |a Grandes obras de la literatura 
505 0 |a El regreso de Anaconda -- Los desterrados -- Van-Houten -- Tacuara-Mansión -- El hombre muerto -- El techo de incienso -- La cámara oscura -- Los destiladores de naranja 
653 |a Literatura 
653 |a Literatura argentina-siglo 20 
653 |a Cuentos 
653 |a Cuento argentino 
859 |a CEMS  |b BIB. CEMS - 11 de abril  |h A868.4  |i Q48-3  |p 4886.76  |t Ej.1